Statistics for The 7th, 8th, 9th and 10th Century BC

Click here to take the quiz!

General Stats

  • This quiz has been taken 8,063 times
    (7,909 since last reset)
  • The average score is 13 of 17

Answer Stats

YearDescriptionAnswer% Correct
753 BCRomulus founds this city on the Tiber RiverRome
97%
c. 700s BCThis blind poet composes the "Iliad" and the "Odyssey"Homer
94%
776 BCThis sporting competition is held for the first timeOlympic games
93%
660 BC
According to legend, Jimmu becomes the first emperor of this country.
Today, we are on emperor #126.
Japan
86%
c. 800 BC
Lycurgus reforms the laws of this Greek city: emphasizing equality,
austerity, and military fitness
Sparta
85%
814 BCQueen Dido founds this city near modern-day TunisCarthage
84%
774 BCThis country is conquered by Nubians, who found the 25th dynastyEgypt
84%
771 BCIn this river basin, the Western Zhou dynasty ends and the Eastern Zhou beginsYellow River
84%
c. 970 BCThis king of Israel dies and is succeeded by his son SolomonDavid
80%
763 BC
This type of celestial event is recorded in the Middle East, allowing modern
historians to date other events during that period
Solar eclipse
78%
c. 900s BCSolomon starts the construction of this building in JerusalemFirst Temple
74%
754 BCGreek settlers found this city, the oldest in FranceMarseille
72%
612 BC
Nineveh, the capital of this empire, is sacked by the Babylonians and others
Neo-Assyrian
61%
c. 800s BCThe earliest of the Upanishads are written in this languageSanskrit
58%
667 BCThis city on the Golden Horn is founded by Greek colonistsByzantium
57%
c. 600s BCThese circular metal objects are invented in the kingdom of LydiaCoins
56%
831 BC
Pygmalion begins his 46 year reign as king of this Phoenician city in
modern-day Lebanon
Tyre
43%

Score Distribution

Percentile by Number Answered

Percent of People with Each Score

Your Score History

You have not taken this quiz since the last reset